| 000 | 00608nam a2200205 a 4500 | ||
|---|---|---|---|
| 003 | PILC | ||
| 005 | 20160216104143.0 | ||
| 008 | 080204s19uu xx 00 eng d | ||
| 020 | _a978071107280 | ||
| 050 |
_aBJ 1012 _b.R29 2007 |
||
| 100 | _aRachels, James. | ||
| 245 |
_aThe elements of moral philosophy / _cJames Rachels; fifth edition by Stuart Rachels. |
||
| 260 |
_aU.S.A : _bMcGraw-Hill, _c2007. |
||
| 300 |
_axii, 210 pages ; _c22 cm. |
||
| 500 | _aIncludes bibliographical references and index. | ||
| 650 | _aEthics. | ||
| 700 | _aRachels, Stuart. | ||
| 942 |
_cBK _2lcc _kFOR |
||
| 999 |
_c22873 _d22873 |
||